000 nam a22 7a 4500
999 _c9877
_d9877
008 180208b ||||| |||| 00| 0 eng d
100 _aDickens, C
_95951
245 _aCharles Dickens Short Stories
260 _aNew Delhi
_bMaanu Publication
_c12108